• 首页
  • 本馆介绍
  • 公告通知
  • 最新文献
  • 馆藏检索
  • 电子资源
  • 读者导购
  • 参考咨询
  • 我的图书馆
  • 登录
  • 详细信息显示
  • 放入我的书架
  • 预约/预借图书
  • 作者相关作品
  • 分类相关作品
  • 丛书相关作品
  • 出版社相关作品

书目信息

  • 表格格式
  • 工作单格式
  • 卡片格式
题名:
电视编辑学
    
 
作者: 任远 著
分册:  
出版信息: 北京   北京师范大学出版社  2002
页数: 535页
开本: 20cm
丛书名:
单 册:
中图分类: G222.1
科图分类:
主题词: 电视节目--编辑工作--教材 , 电视节目 , 编辑工作
电子资源:
ISBN: 978-7-303-05608-8
000 00808nam0 2200265 45
001 1029895077
005 20100428151212.57
010    @a978-7-303-05608-8@dCNY26.00
100    @a20100420e20082002em y0chiy50 ea
101 0  @achi
102    @aCN@b110000
105    @aa z 000yy
106    @ar
200 1  @a电视编辑学@ADian Shi Bian Ji Xue@f任远著@FRen Yuan Zhu
210    @a北京@c北京师范大学出版社@d2002@h2008
215    @a535页@c图@d20cm
300    @a电视学系列教程
330    @a本书着重阐述了电视编辑学学科的主要对象和研究范围,从电视编辑理论到实务操作技能,都有深入浅出的分析。
606 0  @a电视节目@x编辑工作@j教材
606 0  @a电视节目
606 0  @a编辑工作
690    @aG222.1@v4
701  0 @a任远@ARen Yuan@4著
801  0 @aCN@bTANGWEI@c20100428
905    @b0593850-52@dG222.1@e109@f3
    
    电视编辑学/任远著.-北京:北京师范大学出版社,2002(2008)
    535页:图;20cm
    电视学系列教程
    
    ISBN 978-7-303-05608-8:CNY26.00
    本书着重阐述了电视编辑学学科的主要对象和研究范围,从电视编辑理论到实务操作技能,都有深入浅出的分析。
●
相关链接 在E读中查询图书 在五车中查询图书 在当当中查询图书 在豆瓣中查询图书


正题名:电视编辑学     索取号:G222.1/109         预约/预借

序号 登录号 条形码 馆藏地/架位号 状态 备注
1 0593850   205938501   第一样本阅览室/ [索取号:G222.1/109] 在馆    
2 0593851   205938510   第四借阅区/ [索取号:G222.1/109] 在馆    
3 0593852   205938529   第四借阅区/ [索取号:G222.1/109] 在馆    
唐山师范学院图书馆 欢迎您!
大连网信软件有限公司© 版权所有